Países que começam com as letras "I", "J" e "K" - Statistics

Estatísticas Gerais
  • Esse quiz foi jogado 1 042 vezes
  • A pontuação média é 14 de 19
Estatísticas das Respostas
Países % Correto
IRLANDA
89%
JORDÂNIA
89%
ISLÂNDIA
86%
ÍNDIA
85%
INDONÉSIA
84%
JAMAICA
82%
IRÃ
81%
JAPÃO
81%
IRAQUE
80%
KOSOVO
78%
KUWAIT
78%
ISRAEL
74%
IÊMEN
73%
KIRIBATI
72%
ITÁLIA
71%
ILHAS MARSHALL
64%
ILHAS SALOMÃO
63%
INGLATERRA
51%
IRLANDA DO NORTE
41%
Nenhum quiz correspondente encontrado
Distribuição das Pontuações
Porcentagem de Pessoas com Cada Pontuação
Percentil de Números Respondidos
Sua Pontuação Histórica
Você não jogou esse quiz